The last of the wine / (Record no. 282)
[ view plain ]
| 000 -LEADER | |
|---|---|
| fixed length control field | 00792cam a22002658a 4500 |
| 001 - CONTROL NUMBER | |
| control field | 3730209 |
| 005 - DATE AND TIME OF LATEST TRANSACTION | |
| control field | 20200421093825.0 |
| 008 - FIXED-LENGTH DATA ELEMENTS--GENERAL INFORMATION | |
| fixed length control field | 031120r20041956enk 000 1 eng |
| 015 ## - NATIONAL BIBLIOGRAPHY NUMBER | |
| National bibliography number | GBA4-Z0199 |
| 016 7# - NATIONAL BIBLIOGRAPHIC AGENCY CONTROL NUMBER | |
| Record control number | 0099463555 |
| Source | Uk |
| 020 ## - INTERNATIONAL STANDARD BOOK NUMBER | |
| International Standard Book Number | 0099463555 (pbk.) : |
| Terms of availability | £7.99 |
| 035 ## - SYSTEM CONTROL NUMBER | |
| System control number | (Uk)gb A40Z0199 |
| 035 ## - SYSTEM CONTROL NUMBER | |
| System control number | 926714 |
| 040 ## - CATALOGING SOURCE | |
| Original cataloging agency | StDuBDS |
| Transcribing agency | StDuBDS |
| Modifying agency | Uk |
| 082 04 - DEWEY DECIMAL CLASSIFICATION NUMBER | |
| Classification number | 823.912 |
| Edition information | 21 |
| 100 1# - MAIN ENTRY--PERSONAL NAME | |
| Personal name | Renault, Mary, |
| Dates associated with a name | 1905-1983. |
| 9 (RLIN) | 951 |
| 245 14 - TITLE STATEMENT | |
| Title | The last of the wine / |
| Statement of responsibility, etc. | Mary Renault. |
| 260 ## - PUBLICATION, DISTRIBUTION, ETC. | |
| Place of publication, distribution, etc. | London : |
| Name of publisher, distributor, etc. | Arrow, |
| Date of publication, distribution, etc. | 2004, c1995. |
| 263 ## - PROJECTED PUBLICATION DATE | |
| Projected publication date | 200405 |
| 300 ## - PHYSICAL DESCRIPTION | |
| Extent | 1 v. : |
| Dimensions | 20cm. |
| 500 ## - GENERAL NOTE | |
| General note | Originally published: London: Longmans, Green, 1956. |
| 600 00 - SUBJECT ADDED ENTRY--PERSONAL NAME | |
| Personal name | Socrates |
| Form subdivision | Fiction. |
| 9 (RLIN) | 1548 |
| 651 #0 - SUBJECT ADDED ENTRY--GEOGRAPHIC NAME | |
| Geographic name | Greece |
| General subdivision | History |
| Chronological subdivision | Peloponnesian War, 431-404 B.C. |
| Form subdivision | Fiction. |
| 9 (RLIN) | 952 |
| 942 ## - ADDED ENTRY ELEMENTS (KOHA) | |
| Source of classification or shelving scheme | Dewey Decimal Classification |
| Koha item type | Books |
| Withdrawn status | Lost status | Damaged status | Not for loan | Collection | Home library | Current library | Shelving location | Date acquired | Barcode | Date last seen | Price effective from | Koha item type |
|---|---|---|---|---|---|---|---|---|---|---|---|---|
| Reference | Centerville | Centerville | General stacks | 09/04/2014 | 39999000012316 | 09/04/2014 | 09/04/2014 | Books | ||||
| Reference | Centerville | Centerville | General stacks | 09/04/2014 | 39999000012354 | 09/04/2014 | 09/04/2014 | Books | ||||
| Reference | Fairview | Fairview | General stacks | 09/04/2014 | 39999000012330 | 09/04/2014 | 09/04/2014 | Books | ||||
| Reference | Fairview | Fairview | General stacks | 09/04/2014 | 39999000012378 | 09/04/2014 | 09/04/2014 | Books |